000
00289nam a2200145Ia 4500
005
20260513122051.0
020
_a
9781292428741
100
_a
Angwin
365
_c
£
365
_b
25.00
942
_c
BK
245
_a
Exploring Strategy 13/e
260
_b
Pearson
999
_c
45
_d
45